Corrosion engineering (Record no. 28898)

000 -LEADER
fixed length control field 00595nam a22002297a 4500
001 - CONTROL NUMBER
control field 28898
003 - CONTROL NUMBER IDENTIFIER
control field BD-DhUET
008 - FIXED-LENGTH DATA ELEMENTS--GENERAL INFORMATION
fixed length control field 150614b xxu||||| |||| 00| 0 eng d
020 ## - INTERNATIONAL STANDARD BOOK NUMBER
International Standard Book Number 9789848725085
020 ## - INTERNATIONAL STANDARD BOOK NUMBER
International Standard Book Number 09848725083
040 ## - CATALOGING SOURCE
Transcribing agency 0
Modifying agency BD-DhUET
082 ## - DEWEY DECIMAL CLASSIFICATION NUMBER
Classification number 620.1122
Item number NOO/2010
100 ## - MAIN ENTRY--PERSONAL NAME
Personal name Nooruddin Ahmed
245 ## - TITLE STATEMENT
Title Corrosion engineering
Remainder of title an introductory text
250 ## - EDITION STATEMENT
Edition statement 2nd ed.
260 ## - PUBLICATION, DISTRIBUTION, ETC. (IMPRINT)
Place of publication, distribution, etc. Dhaka
Name of publisher, distributor, etc. Calico Printers
Date of publication, distribution, etc. 2010
300 ## - PHYSICAL DESCRIPTION
Extent xx, 263p.
Other physical details ill.
504 ## - BIBLIOGRAPHY, ETC. NOTE
Bibliography, etc Includes bibliographies
650 #0 - SUBJECT ADDED ENTRY--TOPICAL TERM
Topical term or geographic name as entry element Corrosion and Anti-Corrosion
700 ## - ADDED ENTRY--PERSONAL NAME
Personal name Iqbal Mahmud
942 ## - ADDED ENTRY ELEMENTS (KOHA)
Koha item type General Book
Holdings
Koha issues (times borrowed) Shelving location Price effective from Withdrawn status Koha item type Sublocation or collection (holding branch) Damaged status Location (home branch) Koha date last seen Copy number Lost status Not for loan Koha normalized classification for sorting Date acquired Koha out on loan Koha date last borrowed Koha full call number Piece designation (barcode) Source of classification or shelving scheme
 Reading section2015-06-14 Reading ItemCentral Library, BUET Central Library, BUET2015-06-141  620_112200000000000_NOO_20102015-06-14  620.1122/NOO/2010111106 
52Circulation section2016-11-15 General BookCentral Library, BUET Central Library, BUET2025-12-012  620_112200000000000_NOO_20102016-11-152025-12-152025-12-01620.1122/NOO/2010111107